Asamiya gadya-cayanika (Record no. 7397)

MARC details
000 -LEADER
fixed length control field 00556cam a2200205ua 4500
008 - FIXED-LENGTH DATA ELEMENTS--GENERAL INFORMATION
fixed length control field 150127n ii |||gr||||Z||||||asm
040 ## - CATALOGING SOURCE
Transcribing agency MAIN
041 ## - LANGUAGE CODE
-- asm
082 ## - DEWEY DECIMAL CLASSIFICATION NUMBER
Classification number 891.4514
100 ## - MAIN ENTRY--PERSONAL NAME
Personal name Konwar, Arpana,
Relator term
245 0# - TITLE STATEMENT
Title Asamiya gadya-cayanika
Statement of responsibility, etc. ed by Arpana Konwar
250 ## - EDITION STATEMENT
Edition statement 3rd.
260 ## - PUBLICATION, DISTRIBUTION, ETC.
Place of publication, distribution, etc. Dibrugarh University:
Name of publisher, distributor, etc. Nava Kumar Handique,
Date of publication, distribution, etc. 2008.
300 ## - PHYSICAL DESCRIPTION
Extent 245p.
700 ## - ADDED ENTRY--PERSONAL NAME
Personal name Bora, Jayanta Kumar,
Relator term
942 ## - ADDED ENTRY ELEMENTS (KOHA)
Koha item type Books
653 ## - INDEX TERM--UNCONTROLLED
Uncontrolled term East Indo-European & Celtic literatures
653 ## - INDEX TERM--UNCONTROLLED
Uncontrolled term Assamese literateure
Holdings
Withdrawn status Lost status Damaged status Not for loan Home library Current library Shelving location Date acquired Total Checkouts Full call number Barcode Date last seen Date last checked out Copy number Price effective from Koha item type
        Central Library, Naharkatiya College Central Library, Naharkatiya College General Stacks 19/09/2020 11 891.4514 | ASA 18979 05/06/2023 15/05/2023 1 19/09/2020 Books

Naharkatiya College © 2020. All rights reserved.

Powered By